Institution for starters : (Record no. 144067)

MARC details
000 -LEADER
fixed length control field 00619nam a22001937a 4500
005 - DATE AND TIME OF LATEST TRANSACTION
control field 20170905162610.0
010 ## - LCCN (DPL NO)
LC control number ENG-120228
020 ## - INTERNATIONAL STANDARD BOOK NUMBER
International Standard Book Number 9788189430672
Terms of availability 150.00
035 ## - SYSTEM CONTROL NUMBER
System control number EN-103760
037 ## - SOURCE OF ACQUISITION
Source of stock number/acquisition DBAD/PUB
082 ## - DEWEY DECIMAL CLASSIFICATION NUMBER
Classification number 220.35
100 ## - MAIN ENTRY--PERSONAL NAME
Personal name Kriyananda
245 ## - TITLE STATEMENT
Title Institution for starters :
Statement of responsibility, etc by J.Donald Walters ; edited by Devi Novak
Remainder of title how to know and trust your inner guidance /
260 ## - PUBLICATION, DISTRIBUTION, ETC. (IMPRINT)
Place of publication, distribution, etc Gurgaon
Name of publisher, distributor, etc Anand Sanga Publication
Date of publication, distribution, etc 2013
270 ## - ADDRESS
Address B-10/8 DLF City Phase I
City Gurgaon
Postal code 122002
300 ## - PHYSICAL DESCRIPTION
Extent 136p.
Dimensions 17cm.(pbk)
700 ## - ADDED ENTRY--PERSONAL NAME
Personal name Novak,Devi
942 ## - ADDED ENTRY ELEMENTS (KOHA)
Source of classification or shelving scheme Dewey Decimal Classification
Item type English Books
Classification part 220.35
Call number suffix WAL
Holdings
Withdrawn status Lost status Not for loan Collection code Home library Current library Date acquired Source of acquisition Cost, normal purchase price Full call number Barcode Copy number Cost, replacement price Koha item type
      Non-fiction Ashok Vihar Ashok Vihar 05/09/2017 DBAD/PUB 150.00 220.35 WAL EN-103760 1 150.00 English Books

© Delhi Public Library
Hit Counter
free hit counter